BIOPHARMACEUTICS & PHARMACOKINETICS (Record no. 7088)

MARC details
000 -LEADER
fixed length control field 00320nam a2200133Ia 4500
008 - FIXED-LENGTH DATA ELEMENTS--GENERAL INFORMATION
fixed length control field 150301s2015 xx 000 0 und d
082 ## - DEWEY DECIMAL CLASSIFICATION NUMBER
Classification number 615.7
Item number B12K
100 ## - MAIN ENTRY--PERSONAL NAME
Personal name J.S. KULKARNI
245 ## - TITLE STATEMENT
Title BIOPHARMACEUTICS & PHARMACOKINETICS
260 ## - PUBLICATION, DISTRIBUTION, ETC. (IMPRINT)
Name of publisher, distributor, etc. CBS- DELHI
300 ## - PHYSICAL DESCRIPTION
Extent 300
650 ## - SUBJECT ADDED ENTRY--TOPICAL TERM
Topical term or geographic name as entry element PHARMACEUTICS
942 ## - ADDED ENTRY ELEMENTS (KOHA)
Source of classification or shelving scheme Dewey Decimal Classification
Koha item type Books
Koha issues (borrowed), all copies 2
Holdings
Withdrawn status Lost status Source of classification or shelving scheme Damaged status Not for loan Collection code Home library Current library Date acquired Source of acquisition Cost, normal purchase price SGTU Bill Number Total Checkouts Full call number Barcode Date last seen Bill Date Koha item type Date last checked out Shelving location
    Dewey Decimal Classification     PHARMACY SGT FA-FP Library SGT FA-FP Library 02/07/2015 ABC DELHI 240.00 SGTU 492   615.7 B12K FP266 02/07/2015 24/11/2014 Books    
    Dewey Decimal Classification     PHARMACY SGT FA-FP Library SGT FA-FP Library 02/07/2015 ABC DELHI 240.00 SGTU 492 6 615.7 B12K FP267 20/05/2024 24/11/2014 Books 20/05/2024  
    Dewey Decimal Classification     PHARMACY SGT FA-FP Library SGT FA-FP Library 02/07/2015 ABC DELHI 240.00 SGTU 492   615.7 B12K FP268 02/07/2015 24/11/2014 Books   Reference Book
    Dewey Decimal Classification     PHARMACY SGT FA-FP Library SGT FA-FP Library 02/07/2015 ABC DELHI 240.00 SGTU 492 3 615.7 B12K FP269 01/07/2022 24/11/2014 Books 03/06/2022  
    Dewey Decimal Classification     PHARMACY SGT FA-FP Library SGT FA-FP Library 02/07/2015 ABC DELHI 240.00 SGTU 492 1 615.7 B12K FP270 20/08/2018 24/11/2014 Books 06/08/2018